A Fudan Egyetem Matematikai Kar, Számítógépes Matematikai Szakcsoport összes diákjai levele Kalmár Lászlóhoz [7.]

Elmentve itt :
Bibliográfiai részletek
Dokumentumtípus: Kézirat
Megjelent: 1959-01-30
Kulcsszavak:Levelezés - Fudan Egyetem Matematikai Kar Számítógépes Matematikai szakcsoport összes diákjai - Kalmár László
Online Access:http://misc.bibl.u-szeged.hu/57153
LEADER 00723ntm a2200157 i 4500
001 misc57153
005 20200925155511.0
008 200622s1959 hu o 0|| chi d
040 |a SZTE Miscellanea Repozitórium  |b hun 
041 |a chi 
245 0 2 |a A Fudan Egyetem Matematikai Kar, Számítógépes Matematikai Szakcsoport összes diákjai levele Kalmár Lászlóhoz [7.]  |h [elektronikus dokumentum] 
260 |c 1959-01-30 
300 |a 2 fol. + 1 boríték  |c 27 x 19 cm 
561 |a Kalmár László kínai hagyaték 
695 |a Levelezés - Fudan Egyetem Matematikai Kar Számítógépes Matematikai szakcsoport összes diákjai - Kalmár László 
856 4 0 |u http://misc.bibl.u-szeged.hu/57153/1/kalmar_001_04.pdf  |z Dokumentum-elérés